La réponse est-elle 4? - Mort Subite - Statistiques

Statistiques générales
  • Ce quiz a été pris 270 fois
    267 depuis la dernière actualisation
  • Le résultat moyen est 2 sur 8
Answers on the Grid
Answers color-coded by a green-red scale on the quiz's grid according to % correct below.
Planètes rocheuses dans le système solaire
Films de la saga Cars
Membres du groupe The Police
Oscars pour Forrest Gump
Coupes du Monde remportées par l'Italie
Tournois du Grand Chelem
Pays commençant par V
Rois de France prénommés Charles
Médailles d'or pour la Suède aux JO de Paris
Continents sur lesquels s'étend la France
Ingrédients de la pizza Margherita
Minutes de cuisson pour un œuf mollet
Saisons de La Casa de Papel
Groupes sanguins
Emotions dans Vice Versa
Nombre de fuseaux horaires au Brésil
 
Statistiques - réponses
Réponse % Correct
Tournois du Grand Chelem
54%
Groupes sanguins
39%
Coupes du Monde remportées par l'Italie
33%
Planètes rocheuses dans le système solaire
32%
Continents sur lesquels s'étend la France
28%
Pays commençant par V
26%
Nombre de fuseaux horaires au Brésil
14%
Médailles d'or pour la Suède aux JO de Paris
9%
Aucun quiz correspondant
Distribution des résultats
% des personnes avec chaque résultat
Percentile par nombre de réponses
Votre historique - résultats
Vous n’avez pas pris ce quiz depuis la dernière actualisation